000 00865nam a2200217 a 4500
008 060316s1987 ||||||||||||||||| || u
020 _a0444427953
050 _aTN 115 Dek
100 _aDe Kun, Nicolas, 1923-
245 1 0 _aMineral economics of Africa
260 _aAmsterdam
_bElsevier Pub
_c1987
300 _a345 p. : ill.
350 _a0.00
490 _aDevelopments in economic geology
490 _v22
650 _aMINES AND MINERAL RESOURCES--AFRICA
650 _aMINERAL INDUSTRIES - AFRICA
650 _aNATURAL RESOURCES--AFRICA
995 _aMAIN LIBRARY OPEN ACCESS
_D0.00
_e721551
_FCBU-MAIN LIBRARY (Kitwe)
_H1
_I92.25
_jTN 115 Dek
_UAVAILABLE
_y015793
_ZMain Library Open Access Collection
995 _aANNEX COLLECTION (Main Library)
_D0.00
_e015792
_FCBU-MAIN LIBRARY (Kitwe)
_H2
_I92.25
_jTN 115 Dek
_UAVAILABLE
_y015792
_ZAnnex Low-Usage Collection
999 _c77668
_d77668